Administración contemporánea (Registro nro. 7730)
[ vista simple ]
| 000 -CABECERA | |
|---|---|
| campo de control de longitud fija | 01235nam a22004337a 4500 |
| 005 - FECHA Y HORA DE ACTUALIZACIÓN | |
| campo de control | 20220217101848.0 |
| 008 - LONGITUD FIJA | |
| campo de control de longitud fija | 160229b xxu||||| |||| 00| 0 spa d |
| 020 ## - INTERNATIONAL STANDARD BOOK NUMBER | |
| Número Internacional Estándar del Libro | 9781456223854 |
| 041 ## - IDIOMA | |
| Código de idioma del texto/pista de sonido o título separado | |
| 082 ## - CLASIFICACIÓN DECIMAL DEWEY | |
| Número de clasificación | 658 J76ad8 |
| 100 ## - AUTOR PERSONAL | |
| Nombre de persona | Jones, Gareth R. |
| 100 ## - AUTOR PERSONAL | |
| Nombre de persona | George, Jennifer M. |
| 245 ## - TÍTULO PROPIAMENTE DICHO | |
| Título | Administración contemporánea |
| 250 ## - EDICIÓN | |
| Mención de edición | 8 edición |
| 260 ## - PIE DE IMPRENTA | |
| Lugar de publicación, distribución, etc. | México |
| Nombre del editor, distribuidor, etc. | McGraw Hill |
| Fecha de publicación, distribución, etc. | 2014 |
| 300 ## - DESCRIPCIÓN FÍSICA | |
| Extensión | 680 páginas |
| 650 ## - Materia General | |
| Materia general | ADMINISTRACIÓN |
| 650 ## - Materia General | |
| Materia general | PROCEDIMIENTO ADMINISTRATIVO |
| 650 ## - Materia General | |
| Materia general | VALORES |
| 650 ## - Materia General | |
| Materia general | ACTITUDES |
| 650 ## - Materia General | |
| Materia general | EMOCIONES |
| 650 ## - Materia General | |
| Materia general | CULTURA |
| 650 ## - Materia General | |
| Materia general | ÉTICA |
| 650 ## - Materia General | |
| Materia general | RESPONSABILIDAD SOCIAL |
| 650 ## - Materia General | |
| Materia general | TOMA DE DECISIONES |
| 650 ## - Materia General | |
| Materia general | PLANEACIÓN |
| 650 ## - Materia General | |
| Materia general | CADENA DE VALOR |
| 650 ## - Materia General | |
| Materia general | ORGANIZACIÓN |
| 650 ## - Materia General | |
| Materia general | TALENTO HUMANO |
| 650 ## - Materia General | |
| Materia general | MOTIVACIÓN |
| 650 ## - Materia General | |
| Materia general | DESEMPEÑO |
| 650 ## - Materia General | |
| Materia general | LIDERAZGO |
| 650 ## - Materia General | |
| Materia general | GRUPOS |
| 650 ## - Materia General | |
| Materia general | EQUIPOS EFICACES |
| 650 ## - Materia General | |
| Materia general | COMUNICACIÓN EFICAZ |
| 650 ## - Materia General | |
| Materia general | MANEJO DE CONFLICTOS |
| 650 ## - Materia General | |
| Materia general | TECNOLOGÍA DE LA INFORMACIÓN |
| 942 ## - Punto de Acceso Adicional Koha | |
| Tipo de ítem Koha | Libro |
| Estado perdido | Estado dañado | No para préstamo | Biblioteca permanente | Biblioteca actual | Signatura completa | Código de barras | Precio efectivo a partir del | Tipo de ítem |
|---|---|---|---|---|---|---|---|---|
| Departamento de Biblioteca y Documentación Alfonso Chase Brenes | Departamento de Biblioteca y Documentación Alfonso Chase Brenes | 658 J76ad8 | 20516 | 29/02/2016 | Libro | |||
| Departamento de Biblioteca y Documentación Alfonso Chase Brenes | Departamento de Biblioteca y Documentación Alfonso Chase Brenes | 658 J76ad8 | 20517 | 29/02/2016 | Libro | |||
| Departamento de Biblioteca y Documentación Alfonso Chase Brenes | Departamento de Biblioteca y Documentación Alfonso Chase Brenes | 658 J76ad8 | 20518 | 29/02/2016 | Libro | |||
| Departamento de Biblioteca y Documentación Alfonso Chase Brenes | Departamento de Biblioteca y Documentación Alfonso Chase Brenes | 658 J76ad8 | 20519 | 29/02/2016 | Libro |